000 00570nam a2200217Ia 4500
003 OSt
005 20220928140201.0
006 a|||||r|||| 00| 0
007 ta
008 220927b |||||||| |||| 00| 0 eng d
024 _a7366
037 _cTextual
040 _aSDCL
_cSDCL
_beng
041 _2eng
_aeng
082 _aO-,2M65:g, L6
100 _aTaylor Richard
_9391746
245 0 _aDrama of W B Yeats
_b Irish myth and the Japanese no.
260 _c1976
942 _hO-,2M65:g, L6
_cTEXL
_2CC
999 _c810451
_d810451